| 000 | 01065cab a2200253 4500 | ||
|---|---|---|---|
| 001 | WB3520-31 | ||
| 008 | 090401t1999 xxu||||| |||| 00| 0 eng d | ||
| 035 | _a(Sirsi) u93605 | ||
| 041 | _aeng | ||
| 245 | _aMovie men flex their plexes | ||
| 260 | _c1999 | ||
| 350 | _a0 | ||
| 490 |
_aHerald _v27 May 1999, 31(1) |
||
| 520 | _aDiscusses the Leisure Review from Knight Frank which warns that cinema complexes could damage other sectors of the leisure market as they offer a growing range of services including snack bars, games areas, children's play areas and increasing retail. There is also a trend from out-of-town complexes to 'citiplexes'. Briefly summarises other findings of the report, relating to lodge hotels, the food & beverage sector, investment and European development. | ||
| 650 | _aCINEMAS | ||
| 650 | _aKNIGHT FRANK | ||
| 650 | _aLEISURE MARKET | ||
| 650 | _aMULTIPLEX CINEMAS | ||
| 650 | _aOUT OF TOWN DEVELOPMENTS | ||
| 650 | _aTOWN CENTRE DEVELOPMENTS | ||
| 690 | _aLEISURE AND RECREATION | ||
| 942 | _n0 | ||
| 948 | _c27/05/1999 | ||
| 999 |
_c59322 _d59322 |
||